000 00540nam a22001697a 4500
005 20251108165248.0
008 250721s1992 xx 000 0 ara d
082 1 4 _a572.9/محم
100 1 _aغلاب، محمد السيد
245 1 0 _aتطور الجنس البشري :
_bتطور الأحياء و ظهر الإنسان /
250 _aط6
264 1 _aالإسكندريه :
_bمؤسسة شباب الجامعة،
_c1992.
300 _a413ص
650 1 7 _aالجغرافيا البشرية
942 _2ddc
_cBK
999 _c23536
_d23536